Statistiques concernant Enfoirés : personnalités sportives

Cliquez ici pour prendre le quiz!

Statistiques générales

  • Ce quiz a été pris 288 fois
    (79 depuis la dernière actualisation)
  • Le résultat moyen est 27 sur 40

Statistiques - réponses

Première EditionProfessionPrénomSportifs/Sportives% Correct
Les Enfoirés chantent StarmaniatennismanYannickYannick Noah
100%
Le Monde des EnfoirésfootballeurKylianKylian Mbappé
97%
Le Pari(s) des EnfoirésbasketteurTonyTony Parker
97%
L'Odyssée des EnfoirésfootballeurZinédineZinédine Zidane
97%
Le Bal des EnfoirésfootballeurKarimKarim Benzema
96%
Enfoirés KidsfootballeurAntoineAntoine Griezmann
95%
Dernière Edition avant l'an 2000footballeurFabienFabien Barthez
91%
Enfoirés KidsfootballeurHugoHugo Lloris
91%
Dernière Edition avant l'an 2000footballeurBixenteBixente Lizarazu
89%
Bon anniversaire les EnfoirésfootballeurDidierDidier Deschamps
89%
Dernière Edition avant l'an 2000footballeurLilianLilian Thuram
89%
Dans l'oeil des Enfoiréspilote de rallyeSébastienSébastien Loeb
89%
Au rendez-vous des EnfoirésfootballeurZlatanZlatan Ibrahimovic
89%
Les Enfoirés font leur cinémarugbymanSébastienSébastien Chabal
88%
Les Enfoirés en coeurfootballeurEricEric Cantona
85%
Enfoirés un jour, toujours !rugbymanAntoineAntoine Dupont
84%
Dernière Edition avant l'an 2000footballeurEmmanuelEmmanuel Petit
84%
Chanson des Restos 1986footballeurMichelMichel Platini
82%
L'Odyssée des EnfoirésjudokaDavidDavid Douillet
81%
Les Enfoirés à l'Opéra-ComiquefootballeurBasileBasile Boli
80%
L'Odyssée des EnfoirésfootballeurAiméAimé Jacquet
74%
Dans l'oeil des EnfoirésnageurCamilleCamille Lacourt
70%
Enfoirés un jour, toujours !pilote automobileEstebanEsteban Ocon
70%
Le Pari(s) des EnfoirésfootballeuseAmandineAmandine Henry
69%
Les Enfoirés font leur cinémafootballeurFranckFranck Ribéry
69%
La Boite à musique des EnfoirésdanseurJean-MarcJean-Marc Généreux
66%
Dernière Edition avant l'an 2000footballeurChristianChristian Karembeu
62%
Tous dans le même bateaufootballeurFranckFranck Leboeuf
62%
Dans l'oeil des EnfoirésfootballeurLaurentLaurent Blanc
62%
Dans l'oeil des EnfoirésnageurAlainAlain Bernard
58%
Le Village des EnfoirésfootballeurGrégoryGrégory Coupet
57%
Les Enfoirés en 2000footballeurChristopheChristophe Dugarry
54%
La Boite à musique des EnfoirésnageurYannickYannick Agnel
51%
L'Odyssée des EnfoirésfootballeurGuyGuy Roux
47%
Dernière Edition avant l'an 2000footballeurAlainAlain Boghossian
30%
Dans l'oeil des EnfoirésnageurFabienFabien Gilot
19%
Au rendez-vous des EnfoirésdanseuseMarie-AgnèsMarie-Agnès Gillot
19%
Un air d'Enfoirésjoueuse de tennis handisportPaulinePauline Déroulède
3%
On a 35 ansDanseurYvonYvon Demol
3%
On a 35 ansDanseurMarcMarc Moreau
1%

Distribution des résultats

Percentile par nombre de réponses

% des personnes avec chaque résultat

Votre développement - résultats

Vous n’avez pas pris ce quiz depuis la dernière actualisation